<?xml version="1.0" encoding="UTF-8"?>
<marc:record xmlns:marc="http://www.loc.gov/MARC21/slim">
   <marc:leader>00000nam a2200000 a 4500</marc:leader>
   <marc:datafield ind1="1" ind2=" " tag="100">
      <marc:subfield code="a">Blavatsky, Helena P.</marc:subfield>
      <marc:subfield code="4">aut</marc:subfield>
      <marc:subfield code="e">Verfasser/-in</marc:subfield>
   </marc:datafield>
   <marc:datafield ind1="1" ind2=" " tag="100">
      <marc:subfield code="a">Botheroyd, Sylvia</marc:subfield>
      <marc:subfield code="4">edt</marc:subfield>
      <marc:subfield code="e">Bearbeiter/-in</marc:subfield>
   </marc:datafield>
   <marc:datafield ind1=" " ind2=" " tag="653">
      <marc:subfield code="a">Blavatsky</marc:subfield>
   </marc:datafield>
   <marc:datafield ind1=" " ind2=" " tag="653">
      <marc:subfield code="a">Helena P.</marc:subfield>
   </marc:datafield>
   <marc:datafield ind1=" " ind2=" " tag="653">
      <marc:subfield code="a">Geschichte 1875-1890</marc:subfield>
   </marc:datafield>
   <marc:datafield ind1=" " ind2=" " tag="653">
      <marc:subfield code="a">Theosophie</marc:subfield>
   </marc:datafield>
   <marc:datafield ind1=" " ind2=" " tag="653">
      <marc:subfield code="a">Quelle</marc:subfield>
   </marc:datafield>
   <marc:datafield ind1="0" ind2="0" tag="245">
      <marc:subfield code="a">Helena P. Blavatsky</marc:subfield>
   </marc:datafield>
   <marc:datafield ind1="0" ind2="0" tag="245">
      <marc:subfield code="b">eine Einführung in ihr Leben und Werk</marc:subfield>
   </marc:datafield>
   <marc:datafield ind1="0" ind2="0" tag="245">
      <marc:subfield code="c">aus dem Engl. neu übers. und hrsg. von Sylvia Botheroyd</marc:subfield>
   </marc:datafield>
   <marc:datafield ind1=" " ind2="1" tag="264">
      <marc:subfield code="a">Grafing</marc:subfield>
      <marc:subfield code="b">Aquamarin-Verl.</marc:subfield>
      <marc:subfield code="c">2006</marc:subfield>
   </marc:datafield>
   <marc:datafield ind1="1" ind2=" " tag="490">
      <marc:subfield code="a">Edition Adyar</marc:subfield>
   </marc:datafield>
   <marc:datafield ind1=" " ind2=" " tag="250">
      <marc:subfield code="a">1. Aufl.</marc:subfield>
   </marc:datafield>
   <marc:datafield ind1="1" ind2=" " tag="520">
      <marc:subfield code="a">Angaben aus der Verlagsmeldung

Helena P. Blavatsky : Eine Einführung in ihr Leben und Werk

Helena P. Blavatsky wird allgemein als die „Begründerin der modernen Esoterik“ angesehen. Ihr Meisterwerk „Die Geheimlehre“ inspirierte unzählige Leser und gilt auch heute noch als das Grundlagenwerk für die esoterische Philosophie.
Sylvia Botheroyd zeichnet in ihrer brillanten Einführung die faszinierenden Lebenslinien einer außergewöhnlichen Frau nach, die unter schwierigsten Umständen immer ihrer Mission und den Lehren ihres Meisters treu blieb. So schuf sie mit ihren Schriften die Grundlagen für ein neues Denken und mit der Gründung der Theosophischen Gesellschaft ein Instrument, das den Dialog der Religionen als Basis für das friedliche Zusammenleben der Menschen erachtete - schon lange bevor dies allgemeine gesellschaftliche Überzeugung wurde.
Die Auswahl aus ihren Werken ermöglicht einen ausgezeichneten Zugang in das Denken von Helena Blavatsky und vermittelt zudem einen überaus hilfreichen Überblick über das esoterische Weltbild der Neuzeit.
</marc:subfield>
   </marc:datafield>
   <marc:datafield ind1=" " ind2=" " tag="020">
      <marc:subfield code="a">9783894273378</marc:subfield>
      <marc:subfield code="9">9783894273378</marc:subfield>
   </marc:datafield>
   <marc:datafield ind1=" " ind2=" " tag="020">
      <marc:subfield code="a">3894273372</marc:subfield>
      <marc:subfield code="9">3894273372</marc:subfield>
   </marc:datafield>
   <marc:datafield ind1=" " ind2=" " tag="041">
      <marc:subfield code="a">ger</marc:subfield>
   </marc:datafield>
   <marc:datafield ind1=" " ind2=" " tag="300">
      <marc:subfield code="a">317 S.</marc:subfield>
   </marc:datafield>
</marc:record>
